عرض عادي عرض مارك
  • Ultrasonography, Prenatal

مدخل مصطلح موضوعي

عدد التسجيلات المستخدمة في: 1

001 - رقم الضبط

  • حقل الضبط: 10949

003 - معرف رقم الضبط

  • حقل الضبط: OSt

005 - تاريخ ووقت أخر عملية

  • حقل الضبط: 20120416211554.0

008 - عناصر بيانات ثابتة الطول

  • حقل تحكم ثابت الطول: 120416|||a|||||| | ||| d

040 ## - مصدر الفهرسة

  • هيئة الفهرسة الأصلية: OSt
  • وكالة الكتابة: OSt

150 ## - مدخل-- مصطلح تاريخي

  • عنصر مدخل المصطلح الموضوعي او الاسم الجغرافي: Ultrasonography, Prenatal
  • تفريع عام: methods.

670 ## - بيانات المصدر موجوده

  • الاستشهاد بالمصدر: Work cat.: (OSt)23980: Ultrasound in obstetrics and gynecology /, c2005.